000 00974nam a2200265Ia 4500
003 OSt
005 20221005104633.0
006 a|||||r|||| 00| 0
007 ta
008 221004b |||||||| |||| 00| 0 hin d
020 _c250
024 _a7163
037 _b95, 05/09/2013, Vani Prakashan
_cTextual
040 _aCRL
_cCRL
_bhin
041 _2hin
_ahin
082 _aO152,6N05x, P7
100 _aजैन, निर्मला, संपा.
245 0 _aनिबन्धों की दुनिया जैनेन्द्र कुमार
246 _aNibandhoan kī duniyā jainendra kumāra
260 _aदिल्ली
_bवाणी प्रकाशन भारत
_c2009
300 _a160पृ0
_ccm.
650 _aहिन्दी साहित्य
942 _hO152,6N05x, P7
_cTEXL
_2cc
999 _c1013324
_d1013324